000 00485nam a22001817a 4500
003 OSt
005 20180116183007.0
008 150810b xxu||||| |||| 00| 0 eng d
020 _a9781259010903
040 _c0
082 _28th
_a658.802 WAL 2014
100 _aOrville C. Walker
245 _aMarketing Strategy
_bA Decision Focused Approach
_cOrville C. Walker
260 _aIndia
_bMcGraw HIll
_c2014
300 _a368 p.
_bPB
440 _aMarketing Strategy
942 _2ddc
_cBK
999 _c350113
_d350113